00405nam a2200145Ia 4500008004100000020001800041041000800059082002000067100002000087245004500107250000600152260004500158300001900203650003700222210716s2013 xx 000 0 und d a978019806621X aeng a658.312404 MITB aMitra, Barun K. aPersonality development and soft skills. a1 aNew DelhibOxford University Pressc2013 axviii,256/2017 aPersonality Development(658.314)